Southville International School and Colleges
Your cart is empty.
  • Cart
  • Lists
    Public lists Eva Luna New books Lux_list list_1
    Your lists Log in to create your own lists
  • Log in to your account
  • Your cookies
  • Search history
Southville International School and Colleges
  • Advanced search
  • Recent comments
  • Most popular
  • Libraries

Log in to your account

Log in with GOOGLE


If you do not have an external account, but do have a local account, you can still log in:

  1. Home
  2. MARC view: Manual of high risk pregnancy & delivery /
Normal view MARC view ISBD view

Manual of high risk pregnancy & delivery / (Record no. 25375)

[ view plain ]
MARC details
000 -LEADER
fixed length control field 00732nam a2200217 a 4500
005 - DATE AND TIME OF LATEST TRANSACTION
control field 20140310183619.0
008 - FIXED-LENGTH DATA ELEMENTS--GENERAL INFORMATION
fixed length control field 130326s19uu xx 00 eng d
020 ## - INTERNATIONAL STANDARD BOOK NUMBER
International Standard Book Number 9789812728425
050 ## - LIBRARY OF CONGRESS CALL NUMBER
Classification number RG 951
Item number .G373 2010
100 ## - MAIN ENTRY--PERSONAL NAME
Personal name Gilbert, Elizabeth Stepp.
245 ## - TITLE STATEMENT
Title Manual of high risk pregnancy & delivery /
Statement of responsibility, etc Elizabeth Stepp Gilbert.
250 ## - EDITION STATEMENT
Edition statement 5th ed.
260 ## - PUBLICATION, DISTRIBUTION, ETC. (IMPRINT)
Place of publication, distribution, etc Singapore :
Name of publisher, distributor, etc Mosby / Elsevier,
Date of publication, distribution, etc 2011.
300 ## - PHYSICAL DESCRIPTION
Extent viii, 727 p. :
Dimensions 25 cm.
521 ## - TARGET AUDIENCE NOTE
Target audience note
650 ## - SUBJECT ADDED ENTRY--TOPICAL TERM
Topical term or geographic name as entry element Maternity nursing
General subdivision Handbooks, manuals, etc
650 ## - SUBJECT ADDED ENTRY--TOPICAL TERM
Topical term or geographic name as entry element Pregnancy
General subdivision Complications
-- Nursing
-- Handbooks, manuals, etc
650 ## - SUBJECT ADDED ENTRY--TOPICAL TERM
Topical term or geographic name as entry element Labor (Obstetrics)
General subdivision Complications
-- Nursing
-- Handbooks, manuals, etc
942 ## - ADDED ENTRY ELEMENTS (KOHA)
Koha item type Books
Source of classification or shelving scheme Library of Congress Classification
Holdings
Withdrawn status Lost status Source of classification or shelving scheme Damaged status Home library Current library Shelving location Date acquired Total Checkouts Full call number Barcode Date last seen Copy number Price effective from Koha item type
    Library of Congress Classification   College Library College Library General Circulation Section 03/26/2013   RG 951 .G373 2010 C15423 05/15/2018 1 03/10/2014 Books

Manual of high risk pregnancy & delivery /

APA

Gilbert E. S., . (2011). Manual of high risk pregnancy & delivery. Singapore: Mosby / Elsevier.

Chicago

Gilbert Elizabeth Stepp, . 2011. Manual of high risk pregnancy & delivery. Singapore: Mosby / Elsevier.

Harvard

Gilbert E. S., . (2011). Manual of high risk pregnancy & delivery. Singapore: Mosby / Elsevier.

MLA

Gilbert Elizabeth Stepp, . Manual of high risk pregnancy & delivery. Singapore: Mosby / Elsevier. 2011.

  • Place hold
  • Print
  • Cite
  • Add to your cart (remove)
  • Save record
    BIBTEX Dublin Core MARCXML MARC (non-Unicode/MARC-8) MARC (Unicode/UTF-8) MARC (Unicode/UTF-8, Standard) MODS (XML) RIS
  • More searches
    Search for this title in:
    Other Libraries (WorldCat) Other Databases (Google Scholar) Online Stores (Bookfinder.com) Open Library (openlibrary.org)

Exporting to Dublin Core...

SOUTHVILLE LIBRARY

Southville International School and Colleges Library

1281 Tropical Ave. Cor. Luxembourg St., BF Homes International, Las Pinas City

Tel. No. 8256374 / 252358 Loc. 117/146

Powered by Koha